| 000 | 01496nam a22003857a 4500 | ||
|---|---|---|---|
| 001 | 2052749 | ||
| 003 | OSt | ||
| 005 | 20210426101410.0 | ||
| 008 | 931105r19941993nyuaf b 001 0 eng | ||
| 010 | _a 93042199 | ||
| 020 | _a0679751254 | ||
| 040 |
_aDLC _cDLC _dDLC _beng |
||
| 041 | _aeng | ||
| 043 | _ae-ur--- | ||
| 050 | 0 | 0 |
_aDK288 _b.R46 1994 |
| 080 |
_a94 _bR-42 |
||
| 082 | 0 | 0 |
_a947.085/4 _220 |
| 100 | 1 | _aRemnick, David. | |
| 245 | 1 | 0 |
_aLenin's tomb : _bthe last days of the soviet empire / _c/ by: Vintage Books |
| 250 | _a1st Vintage Books edition | ||
| 260 |
_aNew York _bVintage Books _c1994. |
||
| 300 |
_axii, 588 p., [22] p. of plates _bill. _c21 cm. |
||
| 365 | _b15 usd | ||
| 500 | _aOriginally published: New York : Random House, 1993. | ||
| 500 | _a"With a new afterword by the author"--Cover. | ||
| 504 | _aIncludes bibliographical references (p. [561]-564) and index. | ||
| 650 | 0 |
_9475 _aHistory of Russia |
|
| 651 | 0 |
_aSoviet Union _xPolitics and government _y1985-1991. |
|
| 653 | _aრუსეთის ისტორია | ||
| 856 | 4 | 2 |
_3Publisher description _uhttp://www.loc.gov/catdir/description/random048/93042199.html |
| 856 | 4 | 2 |
_3Contributor biographical information _uhttp://www.loc.gov/catdir/enhancements/fy1405/93042199-b.html |
| 906 |
_a7 _bcbc _corignew _d1 _eocip _f19 _gy-gencatlg |
||
| 942 |
_2udc _cBK _e1 |
||
| 999 |
_c1249 _d1249 |
||